| 000 | 01056nam a22002657a 4500 | ||
|---|---|---|---|
| 005 | 20240530110513.0 | ||
| 008 | 151222s2013 ua g 000 0 ara d | ||
| 017 |
_a2012/19252 _bمصر . دار الكتب المصرية |
||
| 020 | _a97897776413160 | ||
| 040 | _aEG-CaGPL | ||
| 082 | 0 | 4 |
_221 _a097\ _bأ ج |
| 100 | 0 | _aاحمد محمد عوين | |
| 245 | 1 | 0 |
_aجهود القدماء و المحدثين فى المكتبة العربية / _cاحمد محمد عوين ، ابراهيم عبدالعزيز زيد |
| 250 | _aط1 | ||
| 260 |
_aالاسكندرية : _bدار الوفاء لدنيا الطباعة و النشر ، _c2013 . |
||
| 300 |
_a223 ص ؛ _c24 سم . |
||
| 650 | 0 | 4 | _aالتراث العربى |
| 650 | 0 | 4 |
_aالكتب _xببليوجرافيات |
| 650 | 0 | 4 | _aالكتب النادرة |
| 650 | 0 | 4 |
_aالكتب _xتلخيص |
| 650 | 0 | 4 | _aالمراجع العربية |
| 700 | 0 |
_aابراهيم عبدالعزيز زيد _eمؤلف مشارك |
|
| 942 |
_2ddc _cBK |
||
| 999 |
_c61732 _d61732 |
||